| 000 | 00774nam a2200253Ia 4500 | ||
|---|---|---|---|
| 003 | GCL | ||
| 008 | 140319s9999 xx 000 0 ara d | ||
| 040 |
_aGCL / _cGCL |
||
| 082 | 0 | 4 |
_aط _b813.088 _bم ن |
| 100 | 1 | _aمحمد حسن ابودنيا | |
| 245 | 1 | 0 |
_aالنخيل / _cمحمد حسن ابودنيا |
| 700 | 1 | _aعبدالتواب يوسف | |
| 700 | 1 | _aعادل البطراوى | |
| 700 | 1 | _aنسيم لضيف | |
| 260 |
_a[S.N] : _bدار الكتب الاسلامية |
||
| 300 | _a24 | ||
| 490 |
_aنباتات جاء ذكرها فى القران الكريم _v0 |
||
| 650 | 0 | 4 | _aالاطفال |
| 650 | 0 | 4 | _aقصص الاطفال |
| 650 | 0 | 4 | _aالعلوم |
| 650 | 0 | 4 | _aالنبات |
| 650 | 0 | 4 | _aالقران والعلم |
| 942 |
_2ddc _cBK |
||
| 999 |
_c58392 _d58392 |
||